[Event "MLK CCCSA IM 2021"]
[Site "Charlotte"]
[Date "2021.01.16"]
[Round "3.2"]
[White "Cervantes Landeiro, Thalia"]
[Black "Ezra Paul Chambers"]
[Result "1-0"]
[WhiteElo "2258"]
[BlackElo "2217"]
[Annotator "TA"]
[PlyCount "73"]
[EventDate "2021.01.14"]
[EventType "tourn"]
[EventCountry "USA"]
[SourceTitle "playchess.com"]
[Source "ChessBase"]
[SourceQuality "1"]

{[%evp 13,73,0,27,29,31,31,59,51,57,52,48,43,43,50,51,47,54,55,67,72,62,25,61,56,78,66,91,82,64,21,75,25,140,74,78,77,86,92,174,187,175,95,75,86,184,180,175,91,254,250,334,20,193,239,792,779,739,746,1628,1607,1708,1704]} 1. d4 d5 2. c4 c6 3. Nf3 Nf6 4. e3 a6 5. Bd3 Bg4 6. Nbd2 e6 7. Qc2 Nbd7 8. b3 {D11: Slav Defence: 3 Nf3 sidelines and 3...Nf6 4 e3 Bg4.} Bd6 9. Bb2 Qb8 10. O-O {White is slightly better.} O-O 11. h3 Bh5 12. Ng5 {[%cal Rd3h7]} h6 13. Ngf3 Bxf3 14. Nxf3 e5 15. dxe5 Nxe5 16. Be2 Re8 17. Rad1 Qc7 {[#]} 18. Nh4 $146 ({Predecessor:} 18. cxd5 Nxd5 19. Rd2 Qe7 20. Rfd1 Bc7 21. Bxe5 Bxe5 22. Bc4 Nb6 23. Nxe5 Qxe5 24. Rd4 {1-0 (46) Tregubov,P (2632)-Prie,E (2446) Senat 2003}) 18... Rac8 19. cxd5 Nxd5 20. Nf5 {Hoping for e4.} Bf8 21. Bc4 Nb4 (21... Nf6 $11 {keeps the balance.}) 22. Qb1 {aiming for f4.} (22. Qe4 {is more complex.} b5 23. Be2 Nd5 24. Qh4 Qd7 25. Bg4) 22... b5 {[#]} (22... Nxc4 $11 {remains equal.} 23. bxc4 c5) 23. Be2 (23. f4 $142 $1 bxc4 24. Bxe5) 23... g6 24. Ng3 Nd5 25. Qc1 Nd7 (25... Nf6 $16 {was called for.}) 26. Bg4 $1 $18 f5 {[#]} 27. Bf3 (27. Nxf5 $1 $18 {Threatens to win with Nh4.} gxf5 28. Bxf5) 27... N7f6 $16 28. Rfe1 Ne4 (28... Bg7 $16 {might work better.}) 29. Bxe4 $18 fxe4 30. Rd4 (30. Qc2 $18) 30... Qa5 $2 (30... Bd6 $16) 31. Red1 ({But not} 31. Nxe4 $6 Qd8 $18) ({Much less strong is} 31. Rxe4 $6 Rxe4 32. Nxe4 Qb4 $18) 31... Qxa2 32. Rxe4 $2 (32. Nxe4 $18 Kf7 33. Qc2) 32... Qxb3 {[#]} (32... Rxe4 $11 33. Nxe4 Qxb3) 33. Rg4 $1 {[%cal Rg4g6]} Kh7 (33... Ne7 34. Ne4 Red8 35. Nf6+ Kf7) 34. Qb1 {[%csl Gg4][%cal Rb1g6] White is clearly winning.} Re6 35. Rd3 Nc3 36. Rxc3 Qd5 37. Rd3 {Weighted Error Value: White=0.31/Black=0.48} 1-0

[Event "MLK CCCSA IM 2021"]
[Site "Charlotte"]
[Date "2021.01.16"]
[Round "3.3"]
[White "Wang, Tianqi"]
[Black "Oberoi, Shelev"]
[Result "1-0"]
[WhiteElo "2256"]
[BlackElo "2180"]
[Annotator "TA"]
[PlyCount "139"]
[EventDate "2021.01.14"]
[EventType "tourn"]
[EventCountry "USA"]
[SourceTitle "playchess.com"]
[Source "ChessBase"]
[SourceQuality "1"]

{[%evp 12,139,37,29,44,18,45,40,40,35,64,109,61,59,75,67,85,53,80,58,136,127,135,118,145,145,144,70,78,18,92,90,97,96,95,72,208,149,183,142,152,16,168,163,160,157,160,161,167,166,166,154,252,33,22,23,33,8,62,9,46,49,116,113,127,46,63,61,168,161,162,161,168,168,168,168,168,168,153,163,157,122,499,467,388,308,755,728,697,722,696,687,644,581,676,666,853,692,2055,1983,1811,1804,6598,6423,29981,29980,29980,29981,29980,29981,29984,29985,29988,29988,29991,29992,29994,29989,29989,29990,29992,29993,29993,29994,29994,29995,29996,29997,29997,29998]} 1. e4 c5 2. Nc3 Nc6 3. Bb5 e6 4. Bxc6 bxc6 5. f4 d5 6. d3 Bd6 7. Nf3 Ne7 {B23: Closed Sicilian: Lines without g3.} 8. O-O O-O {[#]} 9. e5 $146 ({Predecessor:} 9. b3 Ba6 10. Qe1 c4 11. bxc4 dxc4 12. d4 Bb4 13. Bd2 c5 14. Rb1 Nc6 15. a3 Bxc3 16. Bxc3 cxd4 17. Nxd4 Nxd4 {1-0 (38) Pervai,L (1875)-Szalay Ocsak,B (1516) Budapest 2017}) 9... Bc7 {White is slightly better.} 10. Na4 Bb6 11. c4 Ng6 12. b3 f6 13. Qe2 Qc7 14. Bd2 Bd7 15. g3 a5 ({Black should play} 15... fxe5 $14 16. Nxe5 Nxe5 17. fxe5 Rxf1+ 18. Rxf1 Be8) 16. Rae1 $16 Qa7 17. Bc1 fxe5 18. Nxe5 Nxe5 19. Qxe5 (19. fxe5 $16 Rae8 20. Qg4) 19... Bc7 $14 20. Qg5 (20. Qa1 $16) 20... Bd8 (20... Bd6 $1 $11) 21. Qh5 $16 Rf5 22. Qe2 Be7 23. Ba3 Rf7 (23... Raf8 $16) 24. Qe3 d4 25. Qe5 {[%cal Ra3c5]} Rf5 {[#]} 26. Qe4 (26. Qxf5 $1 $16 {[%mdl 512]} exf5 27. Rxe7) 26... Raf8 $2 (26... Bd6 $11 {and Black is okay.}) 27. g4 $18 R5f6 28. Qe5 Rg6 29. Kh1 $1 (29. Bxc5 Bxc5 30. Qxc5 (30. Nxc5 Rf5 $15) 30... Rxg4+ 31. Kh1 Qc7 $11) 29... Rxg4 30. Bxc5 Bxc5 31. Nxc5 {Black must now prevent Qd6.} Bc8 (31... Rg6 $16 32. Qxd4 Bc8) 32. Ne4 $2 (32. Qxd4 Qf7 $16) (32. Nxe6 $18 Rf7 33. Qh5 (33. Qxd4 Qxd4 34. Nxd4 c5 $15) 33... Bxe6 34. Rxe6) 32... Rf5 $14 33. Qd6 Qd7 34. Rf2 (34. Qb8 {feels hotter.} c5 35. Rf3 e5 36. Nxc5 Qc6 37. Ne4) 34... Rf8 (34... h6 $11) 35. Rg1 (35. Qxd7 $14 Bxd7 36. Nc5) 35... Qxd6 (35... e5 $5 {[%cal Rg4g1]} 36. Qxd7 (36. Qxe5 Rxg1+ 37. Kxg1 Qg4+ 38. Ng3 Qd1+ {[%mdl 64] Double Attack} 39. Kg2 Qxd3 $11) 36... Bxd7 $11) 36. Nxd6 Rh4 {[#]} ({Black should try} 36... e5 $14) 37. Rg5 $1 $16 Rh3 38. Rg3 (38. Rfg2 $16 g6 39. R2g3 (39. Rxa5 Rxd3 40. Ra7 e5 $11)) 38... Rh4 39. Kg2 Rh5 (39... h6 $14) 40. Rg5 $18 Rxg5+ 41. fxg5 {[%mdl 4096] Endgame aiming for Rxf8+. KRB-KRN} Rd8 42. Nf7 Rf8 {[#]} 43. Ne5 c5 44. Kg3 Rxf2 45. Kxf2 {KB-KN} Kf8 46. Nc6 Bd7 $2 {[%mdl 8192]} (46... a4 $16 {is more resistant.}) 47. Nxa5 Bc8 48. Nc6 Bb7 $2 (48... Bd7) 49. Ne5 Ke7 50. Kg3 Kd6 51. Kf4 Bg2 52. a3 {[%cal Ba2a3,Ba3a4,Ba4a5][%mdl 32]} Bf1 53. b4 {[%cal Bb3b4,Bb4b5,Bb5b6,Bb6b7][%mdl 32]} Bg2 54. h4 g6 55. b5 Kc7 56. a4 Bh3 57. a5 Bf1 58. b6+ {White mates.} Kb7 59. Nd7 Kc6 {[#]} 60. Nxc5 $1 {[%mdl 512]} Kd6 {[#]} (60... Kxc5 61. b7) 61. b7 $1 e5+ (61... Kc7 62. a6) 62. Kf3 Kc7 63. a6 e4+ 64. Kxe4 Bg2+ 65. Kxd4 Bxb7 66. axb7 Kb8 67. Kd5 Kc7 68. d4 Kb8 69. Kc6 h5 70. Na6+ {Weighted Error Value: White=0.25/Black=0.54} 1-0

[Event "MLK CCCSA IM 2021"]
[Site "Charlotte"]
[Date "2021.01.16"]
[Round "3.4"]
[White "Martin Del Campo C., Roberto"]
[Black "Colas, Joshua"]
[Result "1-0"]
[WhiteElo "2296"]
[BlackElo "2288"]
[Annotator "TA"]
[PlyCount "119"]
[EventDate "2021.01.14"]
[EventType "tourn"]
[EventCountry "USA"]
[SourceTitle "playchess.com"]
[Source "ChessBase"]
[SourceQuality "1"]

{[%evp 21,119,27,31,24,70,58,120,125,145,138,184,184,184,176,179,186,186,188,181,176,200,197,202,202,202,202,202,202,299,295,286,286,287,295,299,292,300,302,290,295,378,364,360,368,415,391,489,493,452,963,981,964,933,904,799,693,1291,1233,1114,988,1355,1359,989,1136,1005,1064,1065,1108,1894,1801,2633,2360,1981,1850,12832,12832,12831,12832,12833,12833,12841,12841,12842,12843,12843,12843,12844,12844,12845,12845,12845,12846,12847,12847,12850,12850,27999,27999,27997,27997]} 1. e4 e5 2. Nf3 Nf6 3. Nxe5 d6 4. Nf3 Nxe4 5. d4 d5 6. Bd3 Be7 7. O-O Nc6 8. c4 O-O 9. cxd5 Qxd5 10. Nc3 Nxc3 11. bxc3 Bg4 12. Re1 {C42: Petroff Defence: 3 Nxe5 and unusual White 3rd moves.} Bf6 13. Be4 {[#]} Qd7 $146 (13... Qa5 $14) ({Predecessor:} 13... Qc4 14. Qb3 Qxb3 15. axb3 Bd7 16. Bf4 Rfc8 17. Re3 a5 18. d5 Ne7 19. d6 cxd6 20. Bxb7 {1-0 (37) Valerga,D (2470)-Amura,C (2368) San Luis 2006}) 14. Rb1 $16 {White is better.} Rab8 {[#]} 15. Qd3 $1 Kh8 16. h3 ({Worse is} 16. Bxh7 g6 $17) 16... Bh5 17. Qb5 Bxf3 18. Bxf3 a6 19. Qd5 Qxd5 20. Bxd5 Ne7 21. Bxb7 Nd5 22. Bd2 Nb6 23. Bc6 g5 24. Bc1 Nc4 (24... h6 {was worth a try.} 25. Rb4 Rbd8) 25. Rxb8 $18 Rxb8 26. Re8+ Rxe8 27. Bxe8 {[%mdl 4096] Endgame KBB-KBN} Kg7 28. Kf1 Kf8 29. Bc6 Ke7 30. Be4 Nd6 31. Bxh7 Nb5 32. Bb2 c5 33. Bd3 cxd4 34. Bxb5 axb5 35. cxd4 {KB-KB} Kd6 36. Ke2 Kd5 37. Kd3 Bg7 38. g4 f6 39. Bc1 Bf8 40. Bd2 Ba3 41. f4 Be7 42. Be1 gxf4 43. h4 Bf8 44. Ba5 f3 45. Bd8 Bg7 46. Ke3 f2 47. Kxf2 Kxd4 48. Kf3 Ke5 49. Bc7+ Ke6 50. Ke4 Bh8 51. Bf4 Bg7 52. h5 Bf8 53. h6 Kf7 54. h7 Bg7 55. Kf5 Bh8 56. Bd2 Kg7 57. Bc3 Kxh7 58. Bxf6 Bxf6 59. Kxf6 b4 60. g5 {Black did not feel at home in the position after the opening.  Weighted Error Value: White=0.02/Black=0.25} 1-0

[Event "MLK CCCSA IM 2021"]
[Site "Charlotte"]
[Date "2021.01.16"]
[Round "4.1"]
[White "Vivekananthan, Anish"]
[Black "Wang, Tianqi"]
[Result "0-1"]
[WhiteElo "2326"]
[BlackElo "2256"]
[Annotator "TA"]
[PlyCount "124"]
[EventDate "2021.01.14"]
[EventType "tourn"]
[EventCountry "USA"]
[SourceTitle "playchess.com"]
[Source "ChessBase"]
[SourceQuality "1"]

{[%evp 18,124,3,0,0,0,6,0,4,0,10,10,13,0,41,39,34,38,53,35,57,52,50,41,60,33,34,33,39,22,26,23,41,53,89,70,130,122,124,122,115,114,108,131,158,159,151,101,178,167,371,393,360,371,475,363,364,359,354,321,428,393,399,392,352,256,374,360,429,228,370,256,250,205,198,184,211,95,79,0,0,0,0,0,31,43,75,90,306,47,150,-569,-559,-623,-564,-1815,-1544,-5306,-54,-29985,-29986,-29992,-29986,-29993,-29994,-29994,-29982,-29982,-29983]} 1. g3 c5 2. Bg2 g6 3. c4 Bg7 4. Nc3 Nc6 5. Nf3 e5 6. O-O d6 7. d3 Nge7 8. a3 a5 9. Rb1 O-O 10. b3 Rb8 {A37: Symmetrical English vs ...g6: 4 Bg2 Bg7 5 Nf3.} 11. Bb2 h6 12. Nd2 Be6 {The position is equal.} 13. Nd5 b5 14. e3 Qd7 15. Re1 {[#]} Qa7 $146 ({Predecessor:} 15... Bg4 16. Qc2 Rfc8 17. Ne4 Nxd5 18. cxd5 Ne7 19. Nd2 Bh3 20. Bh1 Nf5 21. a4 h5 22. axb5 Rxb5 {1-0 (50) Ding,L (2801)-Vachier Lagrave,M (2780) London 2019}) 16. Nc3 b4 17. Nb5 Qd7 18. Ne4 Nf5 19. a4 Rfd8 20. Qc2 Rbc8 21. Rbd1 Qe7 22. Nd2 Qf8 23. Qb1 Nfe7 24. Qa1 Bg4 25. Rc1 g5 26. h3 Bf5 (26... Be6 $14) 27. Ne4 $16 Ng6 28. Rcd1 Be6 29. d4 cxd4 30. exd4 {aiming for d5.} exd4 31. Nxd4 Nce5 32. Qb1 Bd7 (32... d5 $16) 33. Nb5 $18 Bf5 $2 {[#]} (33... Bxb5 34. axb5 f5) 34. Nf6+ $1 {[%mdl 576] Discovered Attack} Bxf6 35. Qxf5 Bg7 36. Bd4 Ne7 37. Qb1 N7c6 38. Be3 f5 39. f4 gxf4 40. gxf4 Ng6 41. Qd3 Nce7 (41... Kh7 {might work better.} 42. Kh1 Qf6 43. Nxd6 Nh4) 42. Nxd6 Rc7 43. c5 (43. Bb6 $142 Nxf4 44. Qg3 (44. Bxc7 Nxd3 45. Rxd3 Rd7 $14) 44... Nxg2 45. Qxg2) 43... Bc3 (43... Kh7 {was necessary.} 44. Kh1 Nh4) 44. Re2 Kh7 45. Kh1 Nc8 46. Qa6 Ra7 47. Qc6 (47. Qb5 $1 $18 {And now Bb7 would win.} Rg7 48. Qxa5) 47... Rad7 $16 {[%cal Rc8d6] [#]} 48. Rf1 (48. Bd5 $1 $16 Nge7 49. Qa6 Nxd5 50. Rxd5) 48... Nxd6 $11 49. cxd6 Rxd6 50. Qc7+ R8d7 (50... Qg7 $5 {[%cal Rg7c7]} 51. Qxa5 Nh4 $11) 51. Qxa5 {Black must now prevent Bc5.} Qf6 52. Qb5 Nh4 $2 (52... Bd4 $16) 53. a5 $2 ({White must play} 53. Bc5 $18) 53... Re7 {[#]} (53... Nxg2 $14 54. Rxg2 Qe6) 54. Bg1 $2 (54. Bd5 $1 $16 {stays on course.}) 54... Rxe2 $19 55. Qxe2 {Hoping for Rd1.} Rd2 {[%cal Bd6d2,Bd2g2,Bg2a2][%mdl 32]} 56. Qb5 {Strongly threatening Qb7+.} Rxg2 57. a6 Ra2 $2 (57... Rg7 $19 {( -> ...Qg6)} 58. Bf2 Qd8 59. Bxh4 Qa8+ 60. Qb7 Rxb7 61. axb7 Qxb7+ 62. Kg1 Qd5) 58. a7 $2 {[%mdl 8192]} (58. Qb7+ $15 Qg7 59. Rd1) 58... Qg7 {[%csl Ga2,Gh4][%cal Rg7g2] Black mates.} 59. Rf2 Rxa7 60. Re2 Ra1 {[%csl Ga1][%cal Rg7g1]} 61. Qc5 Rxg1+ 62. Qxg1 Qb7+ {Weighted Error Value: White=0.75/Black=0.43} 0-1

[Event "MLK CCCSA IM 2021"]
[Site "Charlotte"]
[Date "2021.01.16"]
[Round "4.2"]
[White "Colas, Joshua"]
[Black "Andrianov, Nikolai"]
[Result "1/2-1/2"]
[WhiteElo "2288"]
[BlackElo "2384"]
[Annotator "TA"]
[PlyCount "36"]
[EventDate "2021.01.14"]
[EventType "tourn"]
[EventCountry "USA"]
[SourceTitle "playchess.com"]
[Source "ChessBase"]
[SourceQuality "1"]

{[%evp 19,22,51,41,6,13]} 1. e4 c5 2. Nf3 d6 3. Bb5+ Bd7 4. Bxd7+ Qxd7 5. c4 Nc6 6. d4 cxd4 7. Nxd4 Nf6 8. Nc3 Qg4 9. Qxg4 Nxg4 10. Nxc6 bxc6 11. b3 {B52: Sicilian: Moscow Variation with 3...Bd7.} g6 {[#] Not much happened in this game. Not enough moves} {Predecessor:} 12. Bb2 $146 Rg8 13. h3 Ne5 14. O-O-O Bh6+ 15. Kc2 f5 16. Rhe1 f4 17. f3 Bg7 18. Ne2 g5 {1-0 (69) Blomqvist,E (2545)-Adly,A (2603) Baku 2016} 1/2-1/2

[Event "MLK CCCSA IM 2021"]
[Site "Charlotte"]
[Date "2021.01.16"]
[Round "4.3"]
[White "Oberoi, Shelev"]
[Black "Martin Del Campo C., Roberto"]
[Result "1/2-1/2"]
[WhiteElo "2180"]
[BlackElo "2296"]
[Annotator "TA"]
[PlyCount "173"]
[EventDate "2021.01.14"]
[EventType "tourn"]
[EventCountry "USA"]
[SourceTitle "playchess.com"]
[Source "ChessBase"]
[SourceQuality "1"]

{[%evp 25,173,10,22,16,12,0,59,45,41,25,40,23,31,20,34,12,12,12,8,14,13,0,0,0,0,0,0,0,3,-8,-8,-18,-19,-19,-19,-19,-19,-111,-111,-366,-375,-420,-395,-390,-319,-342,-277,-331,-305,-291,-289,-337,-311,-385,-369,-354,-349,-327,-196,-196,-196,-172,-177,-1564,-1475,-1495,-196,-1323,-1185,-1454,-1133,-1447,-1178,-2046,-1923,-1709,-322,-1177,-1216,-1744,-1741,-1527,-514,-1508,-1272,-428,-338,-338,-338,-338,-338,-1232,-210,-210,-210,-210,-210,-210,-210,-210,-210,-210,-155,-210,-172,-210,-210,-2347,-210,-210,-155,-155,-155,-210,-155,-155,-155,-155,-155,-210,-155,-210,-155,-155,-155,-210,-210,-210,-155,-155,-141,-141,-141,-141,-141,-194,-194,-194,-174,-194,-194,-194,-141,-194,-141,-194,-194,-194,-141,-194]} 1. e4 c5 2. c3 d5 3. exd5 Qxd5 4. Nf3 Nc6 5. d4 cxd4 6. cxd4 e5 7. Nc3 Bb4 8. Bd2 Bxc3 9. Bxc3 e4 10. Ne5 Nxe5 11. dxe5 Ne7 12. Qa4+ Bd7 13. Qb4 a5 14. Qd6 {B22: Sicilian: 2 c3.} Bc6 15. Be2 (15. b3 {seems wilder.} Qxd6 16. exd6 Nd5 17. Bxg7 Rg8 18. Be5) 15... Nf5 ({Better is} 15... e3 $11 16. Bf3 exf2+ 17. Kxf2 Qe6) 16. Qxd5 $14 {White is slightly better.} Bxd5 {[#]} 17. O-O-O $146 ({Predecessor:} 17. O-O Ke7 18. Rfd1 Ke6 19. Bg4 Rhd8 20. Rd2 b5 21. a3 g6 22. g3 Ra7 23. Bh3 {1-0 (34) De Arco,L (2243)-Camargo,S (1986) Bogota 2012}) 17... Bc6 18. Bg4 g6 19. Rhe1 Ke7 20. b4 Rhc8 21. Kb2 axb4 22. Bxb4+ Ke8 23. h4 Ba4 {[#] Threatens to win with ...e3.} 24. Rc1 h5 {aiming for ...Rxc1.} 25. Bh3 Rxc1 26. Rxc1 Bc6 27. g3 Rd8 28. Bg2 Rd4 29. a3 Kd7 30. Bc3 Rd3 31. Bf1 (31. Re1 $11) 31... Rf3 $17 32. Rd1+ $2 {[%mdl 8192] [#] This move loses the game for White.} (32. Be1 $17 e3 33. Rc2) 32... Ke8 $1 $19 33. Bc4 Rxf2+ 34. Kb3 Rf3 35. Kb4 Ne3 (35... Nxg3 $2 36. Rd6 $19) 36. Rd2 Nxc4 ({But not} 36... Rxg3 37. e6 $19) 37. Kxc4 Rxg3 {[%mdl 4096] Endgame KRB-KRB} 38. Bb4 Rg4 39. Kc5 e3 40. Re2 Rxh4 {Hoping for ...Re4.} 41. Rxe3 Re4 (41... Ke7 $142 42. Rd3 Re4) 42. Rxe4 Bxe4 {KB-KB} 43. Kd4 Bc6 44. Bd2 $2 (44. Ke3) 44... Kd7 45. Ke3 h4 $2 (45... Ke6 46. Kf4 h4) 46. Kf4 (46. Kd4) 46... Ke6 47. Be1 h3 {White must now prevent ...h2.} 48. Bg3 Kd5 49. Kg4 Bd7+ 50. Kf3 Kd4 $2 (50... g5 51. Kf2 Kc4) 51. Kf2 $2 (51. Bf4) 51... g5 52. Kg1 Ke4 53. Kh2 b5 (53... Bg4 $142 54. Kg1 Kf3) 54. Kg1 Be6 55. Kh2 Bf5 56. Kg1 Kf3 57. Kh2 Be6 58. Be1 Ke2 $2 (58... Kf4 59. Bd2+ Kg4) 59. Bb4 Kf2 60. Be7 g4 {( -> ...g3+)} 61. Bh4+ Kf3 62. Be1 Bc4 63. Bh4 Ke3 64. Be1 (64. Kg3 $17) 64... Ke4 65. Bg3 Kd4 66. Kg1 $2 (66. Bf4) 66... Kd3 $2 (66... Kc3 67. Kf2 Kb3) 67. Kh2 {Black is clearly better.} Kd2 68. Bh4 Kc3 69. Be1+ (69. Be7 $17) 69... Kb3 70. Bb4 Be6 71. Bc5 Kc4 72. Bf2 (72. Bf8 $17) 72... Bd5 73. Be1 (73. Bh4 $17) 73... Bf3 74. Bh4 Kd4 75. Bg3 (75. Bf6 $17 {was worth a try.} Ke4 76. Kg3) 75... Bg2 76. Bf4 Kc3 77. Bg5 b4 78. axb4 Kxb4 79. Bf4 Kc4 80. Bg3 (80. Bh6 $17) 80... Kd4 81. Kg1 Ke4 82. Kh2 Kf3 83. Be1 Ke3 (83... Bf1 $19 84. Bh4 Bd3) 84. Bh4 (84. Kg3 $17 {might work better.}) 84... Bd5 (84... Kf4 $19 85. Bg3+ Kf3) 85. Be1 (85. Kg3 $17) 85... Kf3 86. Bh4 Ke4 (86... Be4 $19 87. Be1 Bc6) 87. Bg3 {Weighted Error Value: White=0.94/Black=0.33} (87. Kg3 $17) 1/2-1/2

[Event "MLK CCCSA IM 2021"]
[Site "Charlotte"]
[Date "2021.01.16"]
[Round "4.4"]
[White "Ezra Paul Chambers"]
[Black "Matros, Alexander"]
[Result "0-1"]
[WhiteElo "2217"]
[BlackElo "2405"]
[Annotator "TA"]
[PlyCount "94"]
[EventDate "2021.01.14"]
[EventType "tourn"]
[EventCountry "USA"]
[SourceTitle "playchess.com"]
[Source "ChessBase"]
[SourceQuality "1"]

{[%evp 17,94,53,45,37,38,37,37,37,32,32,34,29,33,33,37,24,41,20,38,34,33,32,32,0,0,0,10,-33,-33,-33,-27,-27,-27,-22,-31,-42,-38,-43,-33,-104,-31,-43,-6,-48,-35,-79,0,-55,50,50,50,-43,-43,-43,-44,-44,0,0,0,0,0,-23,0,-130,-15,-565,-564,-557,-533,-946,-931,-29969,-29960,-29994,-29993,-29995,-29996,-29996,-29991]} 1. e4 d6 2. d4 Nf6 3. Nc3 e5 4. Nf3 Nbd7 5. Bc4 Be7 6. O-O O-O 7. Re1 c6 8. a4 b6 {8...a5 is a critical line.} 9. Bg5 a6 10. Qe2 {C41: Philidor Defence.} h6 11. Bxf6 Bxf6 12. d5 {White is slightly better.} c5 13. Nd1 g6 14. Ne3 Bg7 15. Bd3 Nf6 {[#]} 16. c3 $146 ({Predecessor:} 16. Nd2 h5 17. Ra3 Bh6 18. Rb3 Qc7 19. h3 Kg7 20. Ndf1 Bd7 21. Ra3 b5 22. b3 {1-0 (54) Hojjatova,A (2316)-Serbanescu,D (1989) Novi Sad 2016}) 16... Ne8 17. Qc2 h5 18. b4 cxb4 19. cxb4 Bh6 20. g3 Ra7 21. Ra3 Bd7 22. Rc3 b5 23. a5 Rc7 24. Rc1 {[%cal Rc3c7]} Rxc3 25. Qxc3 Qb8 26. Qe1 Nf6 27. h4 Rc8 28. Ng5 (28. Rxc8+ $15 Qxc8 29. Ng5) 28... Ng4 ({Black should try} 28... Rxc1 $17 29. Qxc1 Qa7) 29. Nxg4 $15 Bxg4 30. Rc3 Bd7 31. Bf1 Rc7 (31... Rxc3 $17 32. Qxc3 Qc8 33. Qxc8+ Bxc8) 32. Kh2 ({White should play} 32. Rxc7 $11 Qxc7 33. Qe3) 32... Qc8 (32... Rxc3 $15 33. Qxc3 Qc8 34. Qxc8+ Bxc8) 33. Rxc7 $14 Qxc7 34. Bh3 (34. Qe3 $1 $14) 34... Bxh3 $15 35. Kxh3 Qc4 36. Kg2 f6 37. Ne6 Bc1 38. Kg1 Qc2 ({Avoid the trap} 38... Ba3 $2 39. Qe3 $18) 39. Kg2 Qd2 $36 {[%mdl 2048] Black fights for an advantage.} 40. Qh1 {[#]} (40. Qf1 $11 {was the only way to keep the balance.}) 40... Ba3 (40... Bb2 $1 $17 41. Qf1 Bd4) 41. g4 $2 {[%mdl 8192] This move loses the game for White.} (41. Qh3 $11) 41... hxg4 $19 42. h5 Qd3 43. Qe1 gxh5 44. Nc7 h4 {Black mates.} 45. Nxa6 Qf3+ 46. Kg1 h3 {[%csl Gh3][%cal Rf3g2]} 47. Qf1 g3 {[%csl Gg3][%cal Rh3h2] Weighted Error Value: White=0.68/Black=0.17} 0-1